A barbár zseni hazatért

Bibliographic Details
Main Author: Vrabec, Mária, 1970- (Author)
Format: Article
Language:Hungarian
PhysicalDescription:Fotogr.
Subjects:

MARC

LEADER 00000nab a2200000 ar4500
001 vtls009318849
003 SK-MaSNL
005 20260319070933.0
008 080806c2008 xo |||||||| 000 b|hun
015 |a SNBRB2008/07  |2 snkbucl 
038 |a SNKBUCL 
040 |a DSZK  |b slo  |c DSZK  |e AACR2 
041 0 |a hun 
044 |a xo  |c SK 
080 |a 75.071.1:061.4  |2 1997 
080 |a 069.02:73/77  |x (439)  |2 1997 
100 1 |a Vrabec, Mária,  |d 1970-  |4 aut  |9 102331 
245 1 0 |a A barbár zseni hazatért  |c Vrabec Mária 
300 |b Fotogr. 
600 1 7 |a Aba-Novák, Vilmos,  |d 1894-1941  |2 snkbucl  |9 421739 
610 2 7 |a MODEM (Debrecín, Maďarsko)  |x výstavy  |2 snkbucl  |9 1047216 
648 7 |a 2008  |2 snkbucl  |9 317238 
773 0 |t Vasárnap  |g Évf. 41, sz. 25 (2008), o. 20-21 
852 |a SNK  |b KIS3GCP 
852 |a DSZK  |b KIS3GCP 
958 |a HU 
999 |c 1728735  |d 1730665